| 000 | 00471nam a2200145 a 4500 | ||
|---|---|---|---|
| 020 | _a0070026734 (hardcover) | ||
| 020 | _a9780070026735 (hardcover) | ||
| 100 | 1 | _aAzevedo, Joseph A. | |
| 245 | 1 | 0 | _aIspf : the strategic dialog manager |
| 260 |
_a[S.l.] : _bMcGraw-Hill, _c1988. |
||
| 300 | _a304 p. ; | ||
| 490 | 1 | _aJ. ranade series: practical computing in the ibm environment. | |
| 856 | 4 | 0 | _uhttp://www.amazon.com/exec/obidos/ASIN/0070026734/chopaconline-20 |
| 942 | _cBK | ||
| 999 |
_c9662 _d9662 |
||